| Tag |
First Indicator |
Second Indicator |
Subfields |
| LEADER |
00000cam a2200000Ka 4500 |
| 001 |
in00002782351 |
| 005 |
20210728125015.0 |
| 006 |
m o d |
| 007 |
cr cn||||||||| |
| 008 |
120207s2006 gw a ob 001 0 eng d |
| 019 |
|
|
|a 297771124
|
| 020 |
|
|
|a 3433601356 (electronic bk.)
|
| 020 |
|
|
|a 9783433601358 (electronic bk.)
|
| 035 |
|
|
|a (OCoLC)775437985
|z (OCoLC)297771124
|
| 035 |
|
|
|a (OCoLC)ocn775437985
|
| 035 |
|
|
|a 4046120
|
| 037 |
|
|
|a 10.1002/9783433601358
|b Wiley InterScience
|n http://www3.interscience.wiley.com
|
| 040 |
|
|
|a DG1
|b eng
|c DG1
|d OCLCE
|d OCLCQ
|d TXA
|d UtOrBLW
|
| 049 |
|
|
|a TXAM
|
| 050 |
|
4 |
|a TJ1320
|b .E45 2006
|
| 072 |
|
7 |
|a TH
|2 lcco
|
| 082 |
0 |
4 |
|a 693/.5
|2 23
|
| 090 |
|
|
|a TA772
|b .E55 2006eb
|
| 100 |
1 |
|
|a Eligehausen, Rolf.
|0 http://id.loc.gov/authorities/names/n85091089
|
| 245 |
1 |
0 |
|a Anchorage in concrete construction /
|c R. Eligehausen, R. Mallée, J. F. Silva.
|
| 264 |
|
1 |
|a Berlin :
|b Ernst & Sohn Verlag,
|c 2006.
|
| 300 |
|
|
|a 1 online resource (xiii, 378 pages) :
|b illustrations
|
| 336 |
|
|
|a text
|b txt
|2 rdacontent
|
| 337 |
|
|
|a computer
|b c
|2 rdamedia
|
| 338 |
|
|
|a online resource
|b cr
|2 rdacarrier
|
| 500 |
|
|
|a Electronic resource.
|
| 504 |
|
|
|a Includes bibliographical references and index.
|
| 505 |
0 |
|
|a Fastening systems -- Principles -- Behaviour of headed studs, undercut anchors and metal expansion anchors in non-cracked and cracked concrete -- Behaviour of cast-in anchor channels in non-cracked and cracked concrete -- Behaviour of bonded anchors in non-cracked and cracked concrete -- Behaviour of plastic anchors in non-cracked and cracked concrete -- Behaviour of power actuated fasteners in non-cracked and cracked concrete -- Behaviour of screw anchors in non-cracked and cracked concrete -- Behaviour of anchors under seismic loading -- Behaviour of anchors in fire -- Corrosion of anchors -- Influence of fastenings on the capacity of components in which they are installed -- Design of fastenings.
|
| 588 |
|
|
|a Description based on print version record.
|
| 650 |
|
0 |
|a Concrete construction.
|0 http://id.loc.gov/authorities/subjects/sh85030704
|
| 650 |
|
0 |
|a Fasteners.
|0 http://id.loc.gov/authorities/subjects/sh85047400
|
| 655 |
|
7 |
|a Electronic books.
|2 local
|
| 700 |
1 |
|
|a Mallée, Rainer.
|0 http://id.loc.gov/authorities/names/nb2006007059
|
| 700 |
1 |
|
|a Silva, J. F.
|0 http://id.loc.gov/authorities/names/no2008045326
|
| 776 |
0 |
8 |
|i Print version:
|a Eligehausen, Rolf.
|t Anchorage in concrete construction.
|d Berlin : Ernst & Sohn, 2006
|z 3433011435
|z 9783433011430
|w (DLC) 2006296389
|w (OCoLC)49584656
|
| 830 |
|
0 |
|a Wiley Online Library.
|
| 856 |
4 |
0 |
|u http://proxy.library.tamu.edu/login?url=https://dx.doi.org/10.1002/9783433601358
|z Connect to the full text of this electronic book
|t 0
|
| 948 |
|
|
|a cataloged
|b h
|c 2013/1/7
|d c
|e jlanham
|f 3:37:16 pm
|
| 994 |
|
|
|a C0
|b TXA
|
| 999 |
|
|
|a MARS
|
| 999 |
f |
f |
|s 5dc53709-d082-354f-95d7-e9d03d036de9
|i 3c712113-ba1c-364a-b62e-fc090618bc26
|t 0
|
| 952 |
f |
f |
|a Texas A&M University
|b College Station
|c Electronic Resources
|d Available Online
|t 0
|e TA772 .E55 2006eb
|h Library of Congress classification
|
| 998 |
f |
f |
|a TA772 .E55 2006eb
|t 0
|l Available Online
|